00338 a2200133 4500001000700000003000400007005001700011008004100028082001600069100001900085245004100104260004800145300001100193066001OSt20210907103707.0  a804.2bM68D1 aMishra, Sudesh1 aDiaspora criticismcby Sudesh Mishra aEdinburghbEdinburgh University Pressc2006 a190 p.